Texas Rangers along the Rio Grande, 1910-1919 /

Bibliographic Details
Main Author: McClung, John Busby
Format: Thesis Book
Language:English
Published: [Place of publication not identified] : [publisher not identified] ; 1981.
Subjects:

MARC

Tag First Indicator Second Indicator Subfields
LEADER 00000cam a2200000 a 4500
001 in00000026728
005 20151007054528.0
008 830520r19851981miu b 00010 eng d
035 |a (OCoLC)09529220 
035 |9 AAB5387AM 
040 |a IGA  |c IGA  |d m/c  |d CUS  |d TXA  |d UtOrBLW 
043 |a n-us-tx 
049 |a TXAM  |c [A10008691] 
050 4 |a F391  |b .M48 1981a 
100 1 |a McClung, John Busby. 
245 1 0 |a Texas Rangers along the Rio Grande, 1910-1919 /  |c by John Busby McClung. 
264 1 |a [Place of publication not identified] :  |b [publisher not identified] ;  |c 1981. 
300 |a iv, 156 leaves 
336 |a text  |b txt  |2 rdacontent 
337 |a unmediated  |b n  |2 rdamedia 
338 |a volume  |b nc  |2 rdacarrier 
502 |b Ph. D.  |c Texas Christian University  |d 1981. 
500 |a Vita. 
504 |a Bibliography: leaves 150-156. 
533 |a Photocopy.  |b Ann Arbor, Mich. :  |c University Microfilms International,  |d 1985.  |e 21 cm. 
610 2 0 |a Texas Rangers.  |x History. 
651 0 |a Rio Grande Valley (Colo.-Mexico and Tex.)  |x History. 
999 |a MARS 
999 f f |s d4445c52-6560-305f-a288-9ba6bbd55f05  |i 7f3d97aa-6144-3f73-9f65-5967961a737c  |t 0 
952 f f |p ric  |a Texas A&M University  |b Rellis Campus  |c Joint Library Facility  |d Remote Storage  |t 0  |e F391 .M48 1981a  |h Library of Congress classification  |i unmediated -- volume  |m A14810008691 
998 f f |a F391 .M48 1981a  |t 0  |l Remote Storage